| 000 | 00740nam a22002177a 4500 | ||
|---|---|---|---|
| 003 | NUST-PNEC | ||
| 005 | 20170116180726.0 | ||
| 008 | 140430b xxu||||| |||| 00| 0 eng d | ||
| 020 | _a0070634149 | ||
| 040 | _cPNEC | ||
| 082 | _a004.65 FOR | ||
| 100 |
_925 _aForouzan A Behrouz |
||
| 245 |
_aData communication and networking _cBehrouz A. Forouzan |
||
| 250 | _a4th ed. | ||
| 260 |
_aNew Delhi _bTata McGraw Hill _cc.2007 |
||
| 300 |
_axxviii, 1134 p. : _bill. : _c24 cm. |
||
| 500 | _aIncludes index. | ||
| 650 |
_xComputer Networking _xMIS |
||
| 856 | _uhttp://www.amazon.com/Data-Communications-Networking-McGraw-Hill-Forouzan/dp/0070634149/ref=sr_1_1?s=books&ie=UTF8&qid=1398843340&sr=1-1&keywords=0070634149 | ||
| 942 |
_2ddc _cBK |
||
| 999 |
_c61637 _d61637 |
||